| 000 | 00998nam a2200253Ia 4500 | ||
|---|---|---|---|
| 003 | OSt | ||
| 005 | 20221005105531.0 | ||
| 006 | a|||||r|||| 00| 0 | ||
| 007 | ta | ||
| 008 | 221004b |||||||| |||| 00| 0 hin d | ||
| 020 |
_a9788126722761 (hbk) _cINR 600.00 |
||
| 024 | _a35013 | ||
| 037 |
_bBR3079, 15/09/2017, Rajkamal Prakashan Pvt. Ltd. _cTextual |
||
| 040 |
_aCRL _cCRL _bhin |
||
| 041 |
_2hin _ahin |
||
| 082 | _aV2z7, 152Q2 | ||
| 100 | _aशशि शेखर, ले. | ||
| 245 | 0 | _aमिटता भारत बनता इंडियाः 21वीं सदी गढ़ते हुए | |
| 246 | _aMiṭatā bhārat banatā ianḍiyāah 21vīan sadī gaढ़te hue | ||
| 260 |
_aनई दिल्ली _bराजकमल प्रकाशन भारत _c2012 |
||
| 300 |
_a446पृ0 _ccm. |
||
| 942 |
_hV2z7, 152Q2 _cTEXL _2cc |
||
| 999 |
_c1016104 _d1016104 |
||